[Event "Int SVK-ch Open 2020"]
[Site "Drienica"]
[Date "2020.08.10"]
[Round "4.1"]
[White "Bures Jaroslav"]
[Black "Istona Martin"]
[Result "1/2-1/2"]
[WhiteElo "2396"]
[BlackElo "2267"]
[Annotator "ChessBase"]
[PlyCount "47"]
[EventDate "2020.08.07"]
[EventType "swiss"]
[EventCountry "SVK"]
[SourceTitle "playchess.com"]
[Source "ChessBase"]
[SourceQuality "1"]
[TimeControl "40/5400+30:1800+30"]

1. d4 {[%emt 0:00:00]} Nf6 {[%emt 0:05:54]} 2. c4 {[%emt 0:00:00]} e6 {[%emt 0:00:24]} 3. Nc3 {[%emt 0:00:00]} d5 {[%emt 0:00:18]} 4. cxd5 {[%emt 0:00:00]} exd5 {[%emt 0:00:05]} 5. Bg5 {[%emt 0:00:00]} Bb4 {[%emt 0:00:19]} 6. a3 {[%emt 0:00:58]} Bxc3+ {[%emt 0:01:03]} 7. bxc3 {[%emt 0:00:05]} h6 {[%emt 0:05:48]} 8. Bxf6 {[%emt 0:00:30]} Qxf6 {[%emt 0:00:30]} 9. e3 {[%emt 0:00:30]} O-O {[%emt 0:00:30]} 10. Nf3 {[%emt 0:00:52]} c5 {[%emt 0:04:00]} 11. Be2 {[%emt 0:01:12]} Be6 {[%emt 0:12:41]} 12. Rb1 {[%emt 0:04:27]} b6 {[%emt 0:02:53]} 13. O-O {[%emt 0:01:26]} Nd7 {[%emt 0:00:44]} 14. Nd2 {[%emt 0:02:45]} Rac8 {[%emt 0:04:30]} 15. Bf3 {[%emt 0:05:50]} Rfd8 {[%emt 0:07:28]} 16. Qa4 {[%emt 0:00:30]} Rc7 {[%emt 0:00:30]} 17. Rb2 {[%emt 0:00:31]} Qe7 {[%emt 0:08:03]} 18. h3 {[%emt 0:04:28]} Nf6 {[%emt 0:03:12]} 19. Ra1 {[%emt 0:01:27]} Rdc8 {[%emt 0:02:45]} 20. Qd1 {[%emt 0:00:30]} cxd4 {[%emt 0:03:32]} 21. cxd4 {[%emt 0:00:15]} Rc3 {[%emt 0:35:21]} 22. Rb3 {[%emt 1:14:44]} Qc7 {[%emt 0:00:30]} 23. Rxc3 {[%emt 0:00:30]} Qxc3 {[%emt 0:00:30]} 24. Nf1 {[%emt 0:00:30]} 1/2-1/2

[Event "Int SVK-ch Open 2020"]
[Site "Drienica"]
[Date "2020.08.10"]
[Round "4.1"]
[White "Socko, Weronika"]
[Black "Sevcikova, Lucia"]
[Result "1/2-1/2"]
[WhiteElo "1741"]
[BlackElo "2017"]
[Annotator "ChessBase"]
[PlyCount "71"]
[EventDate "2020.08.07"]
[EventType "swiss"]
[EventCountry "SVK"]
[SourceTitle "playchess.com"]
[Source "ChessBase"]
[SourceQuality "1"]
[TimeControl "40/5400+30:1800+30"]

1. d4 {[%emt 0:00:15]} d5 {[%emt 0:00:00]} 2. c4 {[%emt 0:00:11]} e5 {[%emt 0:00:00]} 3. cxd5 {[%emt 0:01:00]} Qxd5 {[%emt 0:00:00]} 4. dxe5 {[%emt 0:02:29]} Qxd1+ {[%emt 0:00:24]} 5. Kxd1 {[%emt 0:00:02]} Nc6 {[%emt 0:00:42]} 6. e4 {[%emt 0:04:00]} Nxe5 {[%emt 0:03:09]} 7. Be2 {[%emt 0:06:35]} Bc5 {[%emt 0:03:37]} 8. f3 {[%emt 0:05:28]} Be6 {[%emt 0:00:52]} 9. Bf4 {[%emt 0:09:22]} O-O-O+ {[%emt 0:01:33]} 10. Kc2 {[%emt 0:00:05]} Nc6 {[%emt 0:02:43]} 11. Nc3 {[%emt 0:03:39]} Nb4+ {[%emt 0:02:05]} 12. Kc1 {[%emt 0:02:16]} Ne7 {[%emt 0:02:30]} 13. a3 {[%emt 0:03:38]} Nd3+ {[%emt 0:00:36]} 14. Bxd3 {[%emt 0:00:07]} Rxd3 {[%emt 0:00:12]} 15. Kc2 {[%emt 0:02:05]} Rhd8 {[%emt 0:02:29]} 16. Nge2 {[%emt 0:00:47]} Bc4 {[%emt 0:10:52]} 17. b3 {[%emt 0:05:22]} Be6 {[%emt 0:00:38]} 18. b4 {[%emt 0:01:14]} Bb6 {[%emt 0:00:25]} 19. Rhd1 {[%emt 0:03:51]} Bc4 {[%emt 0:01:26]} 20. Rxd3 {[%emt 0:06:28]} Bxd3+ {[%emt 0:00:04]} 21. Kb3 {[%emt 0:03:15]} Bxe2 {[%emt 0:03:14]} 22. Nxe2 {[%emt 0:00:23]} Ng6 {[%emt 0:00:14]} 23. Bg3 {[%emt 0:03:01]} Be3 {[%emt 0:03:03]} 24. Ra2 {[%emt 0:01:44]} c6 {[%emt 0:02:06]} 25. Rc2 {[%emt 0:01:13]} Rd3+ {[%emt 0:04:13]} 26. Rc3 {[%emt 0:00:46]} Rxc3+ {[%emt 0:00:04]} 27. Kxc3 {[%emt 0:00:57]} Kd7 {[%emt 0:01:04]} 28. Kd3 {[%emt 0:01:32]} Bb6 {[%emt 0:00:18]} 29. Kc4 {[%emt 0:00:16]} Bc7 {[%emt 0:00:50]} 30. f4 {[%emt 0:03:43]} f6 {[%emt 0:02:47]} 31. Kd4 {[%emt 0:05:50]} a5 {[%emt 0:02:43]} 32. h3 {[%emt 0:06:16]} axb4 {[%emt 0:01:29]} 33. axb4 {[%emt 0:00:04]} Bb6+ {[%emt 0:03:59]} 34. Kc4 {[%emt 0:00:32]} Bc7 {[%emt 0:00:14]} 35. Kd4 {[%emt 0:05:41]} Bb6+ {[%emt 0:01:03]} 36. Kc4 {[%emt 0:00:42]} 1/2-1/2

[Event "Int SVK-ch Open 2020"]
[Site "Drienica"]
[Date "2020.08.10"]
[Round "4.2"]
[White "Frink Ferenc"]
[Black "Czebe Attila"]
[Result "0-1"]
[WhiteElo "2079"]
[BlackElo "2378"]
[Annotator "ChessBase"]
[PlyCount "50"]
[EventDate "2020.08.07"]
[EventType "swiss"]
[EventCountry "SVK"]
[SourceTitle "playchess.com"]
[Source "ChessBase"]
[SourceQuality "1"]
[TimeControl "40/5400+30:1800+30"]

1. Nf3 {[%emt 0:00:11]} Nf6 {[%emt 0:00:00]} 2. g3 {[%emt 0:00:11]} b5 {[%emt 0:01:18]} 3. Bg2 {[%emt 0:00:09]} Bb7 {[%emt 0:00:03]} 4. d3 {[%emt 0:00:31]} e6 {[%emt 0:00:57]} 5. O-O {[%emt 0:00:20]} Be7 {[%emt 0:00:15]} 6. Nbd2 {[%emt 0:01:43]} O-O {[%emt 0:00:16]} 7. e4 {[%emt 0:00:54]} c5 {[%emt 0:01:16]} 8. Re1 {[%emt 0:00:16]} Nc6 {[%emt 0:00:04]} 9. c3 {[%emt 0:00:23]} d6 {[%emt 0:04:24]} 10. Nf1 {[%emt 0:00:27]} a5 {[%emt 0:01:05]} 11. Nh4 {[%emt 0:00:43]} a4 {[%emt 0:00:19]} 12. f4 {[%emt 0:01:22]} b4 {[%emt 0:01:41]} 13. d4 {[%emt 0:05:17]} d5 {[%emt 0:03:11]} 14. e5 {[%emt 0:00:55]} Ne4 {[%emt 0:00:06]} 15. Be3 {[%emt 0:19:36]} a3 {[%emt 0:02:19]} 16. Qg4 {[%emt 0:18:22]} axb2 {[%emt 0:01:25]} 17. Rab1 {[%emt 0:00:24]} bxc3 {[%emt 0:01:28]} 18. f5 {[%emt 0:01:26]} Bxh4 {[%emt 0:01:47]} 19. Bxe4 {[%emt 0:06:43]} dxe4 {[%emt 0:00:04]} 20. Bh6 {[%emt 0:04:07]} Bg5 {[%emt 0:00:08]} 21. Bxg5 {[%emt 0:01:41]} exf5 {[%emt 0:00:08]} 22. Qxf5 {[%emt 0:03:16]} Qxd4+ {[%emt 0:00:10]} 23. Ne3 {[%emt 0:00:11]} Nxe5 {[%emt 0:00:27]} 24. Kg2 {[%emt 0:03:29]} Qd2+ {[%emt 0:01:20]} 25. Kh3 {[%emt 0:00:14]} Bc8 {[%emt 0:00:04]} 0-1

[Event "Int SVK-ch Open 2020"]
[Site "Drienica"]
[Date "2020.08.10"]
[Round "4.2"]
[White "Furman, Slavomir"]
[Black "Panko, Eduard"]
[Result "0-1"]
[WhiteElo "1760"]
[BlackElo "1958"]
[Annotator "TA"]
[PlyCount "110"]
[EventDate "2020.08.07"]
[EventType "swiss"]
[EventCountry "SVK"]
[SourceTitle "playchess.com"]
[Source "ChessBase"]
[SourceQuality "1"]

{[%evp 9,110,15,60,5,12,5,40,26,32,0,-9,-1,11,9,11,-2,0,0,0,-17,-5,-29,0,-19,-22,-23,-27,-126,-124,-115,-111,-112,-112,-111,-109,-109,-105,-111,-104,-104,-104,-113,-97,-178,-175,-220,-219,-215,-205,-212,-206,-273,-249,-328,-322,-311,-305,-332,-310,-370,-297,-370,-364,-357,-338,-358,-358,-348,-347,-497,-485,-654,-631,-618,-493,-492,-434,-604,-593,-610,-583,-954,-878,-791,-676,-1003,-1025,-960,-932,-872,-763,-2781,-2735,-12838,-12836,-12840,-12841,-12841,-12842,-12842,-12843,-12845,-12845]} 1. d4 g6 2. Nf3 Bg7 3. Bf4 c5 4. e3 cxd4 5. exd4 Qb6 6. Bc1 {[#] A40: Unusual replies to 1 d4.} (6. Na3 $14) 6... d5 $146 ({Predecessor:} 6... Nf6 7. Be2 O-O 8. O-O d5 9. c3 Nc6 10. Qb3 Qxb3 11. axb3 Ne4 12. Bf4 f6 13. Bb5 g5 14. Be3 g4 15. Nfd2 Nd6 16. Re1 Nxb5 {0-1 (16) Alvarez Fernandez,E (2197)-Cuevas Fernandez,M Aviles 2004}) 7. c3 Bd7 8. Bd3 {White is slightly better.} Bb5 9. Qe2 Bxd3 10. Qxd3 Nd7 11. O-O e6 12. Qc2 Ne7 13. Bf4 Rc8 14. Qb3 h6 15. Re1 O-O 16. Ne5 Nxe5 17. Bxe5 Bxe5 18. Rxe5 {[#]} (18. dxe5 $11 Rfd8 19. Nd2) 18... Qxd4 $1 $17 {[%mdl 512]} 19. Re1 (19. cxd4 Rc1+) 19... Qb6 20. Qxb6 axb6 21. Na3 h5 22. Nb5 Nf5 23. Rad1 Rc4 24. Rd3 Ra8 25. a3 Ra5 26. Nd4 (26. b3 $17 Rc6 27. a4) 26... Nxd4 $19 27. Rxd4 Rxd4 28. cxd4 {[%mdl 4096] Endgame KR-KR} Ra4 29. Rd1 Rc4 30. g3 Rc2 31. Rd3 Rxb2 32. Kg2 Kf8 33. Kf3 Ke7 34. h4 Kd7 35. Rc3 b5 36. Ke3 b6 {[%cal Bb7b6,Bb6b5,Bb5b4,Bb4b3][%mdl 32]} 37. f3 b4 38. axb4 Rxb4 39. Kd3 (39. Ra3 {might work better.}) 39... b5 {Black is clearly winning.} 40. Ke3 Rc4 41. Ra3 Ra4 42. Rc3 Ra7 43. g4 b4 44. Rc1 b3 45. gxh5 gxh5 46. Rb1 Rb7 47. Kf4 f6 48. Rb2 Kd6 49. Ke3 e5 50. Kd3 Ke6 51. dxe5 fxe5 52. Ke3 Kf5 53. Kd3 Kf4 54. Ke2 d4 55. Kf2 d3 {White did not feel at home in the position after the opening. Accuracy: White = 49%, Black = 91%.} 0-1

[Event "Int SVK-ch Open 2020"]
[Site "Drienica"]
[Date "2020.08.10"]
[Round "4.3"]
[White "Manik Mikulas"]
[Black "Brnusak Tomas"]
[Result "1-0"]
[WhiteElo "2366"]
[BlackElo "2064"]
[Annotator "RC"]
[PlyCount "87"]
[EventDate "2020.08.07"]
[EventType "swiss"]
[EventCountry "SVK"]
[SourceTitle "playchess.com"]
[Source "ChessBase"]
[SourceQuality "1"]
[TimeControl "40/5400+30:1800+30"]

1. e4 {[%emt 0:02:18]} c5 {[%emt 0:00:10]} 2. Nf3 {[%emt 0:00:05]} e6 {[%emt 0:00:32]} 3. d4 {[%emt 0:00:03]} cxd4 {[%emt 0:00:38]} 4. Nxd4 {[%emt 0:00:03]} a6 {[%emt 0:00:36]} 5. Bd3 {[%emt 0:00:03]} Qc7 {[%emt 0:00:28]} 6. Qe2 {[%emt 0:00:05]} d6 {[%emt 0:00:43]} 7. O-O {[%emt 0:00:48]} Nf6 {[%emt 0:00:45]} 8. f4 {[%emt 0:04:45]} g6 {[%emt 0:01:45]} 9. a4 {[%emt 0:23:15]} Bg7 {[%emt 0:02:08]} 10. a5 {[%emt 0:07:11]} O-O {[%emt 0:03:27]} 11. Nb3 {[%emt 0:00:12]} Nc6 {[%emt 0:07:02]} 12. Nc3 {[%emt 0:00:09]} e5 {[%emt 0:04:55]} 13. fxe5 {[%emt 0:05:18]} Nxe5 {[%emt 0:12:16]} 14. Bg5 {[%emt 0:00:53]} Bg4 {[%emt 0:00:38]} 15. Qd2 {[%emt 0:01:43]} Ned7 {[%emt 0:00:34]} 16. Bxf6 {[%emt 0:03:43]} Nxf6 {[%emt 0:00:57]} 17. Rxf6 {[%emt 0:00:20]} Bxf6 {[%emt 0:00:11]} 18. Nd5 {[%emt 0:00:03]} Qd8 {[%emt 0:00:11]} 19. Qf4 {[%emt 0:00:12]} Bxb2 {[%emt 0:00:21]} 20. Rb1 {[%emt 0:00:12]} Be6 {[%emt 0:02:25]} 21. Rxb2 {[%emt 0:00:07]} Bxd5 {[%emt 0:00:10]} 22. exd5 {[%emt 0:00:03]} Rc8 {[%emt 0:01:45]} 23. Rb1 {[%emt 0:05:51]} Re8 {[%emt 0:15:47]} 24. Nd2 {[%emt 0:06:36]} Qxa5 {[%emt 0:15:10]} 25. Ne4 {[%emt 0:05:25]} Rxe4 {[%emt 0:00:13]} 26. Qxe4 {[%emt 0:00:39]} Qc5+ {[%emt 0:01:19]} 27. Kh1 {[%emt 0:00:06]} b5 {[%emt 0:00:15]} 28. h3 {[%emt 0:02:33]} Rb8 {[%emt 0:02:21]} 29. Ra1 {[%emt 0:01:49]} Kf8 {[%emt 0:04:55]} 30. Rxa6 {[%emt 0:05:16]} Re8 {[%emt 0:00:23]} 31. Qh4 {[%emt 0:00:43]} Qc3 {[%emt 0:00:58]} 32. Kh2 {[%emt 0:01:46]} Qe5+ {[%emt 0:02:31]} 33. Qg3 {[%emt 0:00:14]} Qxd5 {[%emt 0:00:06]} 34. Qxd6+ {[%emt 0:00:14]} Qxd6+ {[%emt 0:00:06]} 35. Rxd6 {[%emt 0:00:05]} Rb8 {[%emt 0:00:09]} 36. Rd5 {[%emt 0:00:15]} b4 {[%emt 0:00:13]} 37. Rd7 {[%emt 0:00:05]} Ke8 {[%emt 0:00:35]} 38. Rc7 {[%emt 0:00:12]} b3 {[%emt 0:00:05]} 39. cxb3 {[%emt 0:00:05]} Rxb3 {[%emt 0:00:07]} 40. Bc4 {[%emt 0:00:09]} Rb6 {[%emt 0:00:08]} 41. Bxf7+ {[%emt 0:30:35]} Kd8 {[%emt 0:30:06]} 42. Ra7 {[%emt 0:00:05]} h6 {[%emt 0:00:09]} 43. Bc4 {[%emt 0:00:25]} g5 {[%emt 0:00:14]} 44. Ra6 {[%emt 0:00:11]} 1-0

[Event "Int SVK-ch Open 2020"]
[Site "Drienica"]
[Date "2020.08.10"]
[Round "4.3"]
[White "Sankova, Stella"]
[Black "Tomcikova, Zuzana"]
[Result "1-0"]
[WhiteElo "1990"]
[BlackElo "1785"]
[Annotator "ChessBase"]
[PlyCount "47"]
[EventDate "2020.08.07"]
[EventType "swiss"]
[EventCountry "SVK"]
[SourceTitle "playchess.com"]
[Source "ChessBase"]
[SourceQuality "1"]
[TimeControl "40/5400+30:1800+30"]

1. e4 {[%emt 0:00:00]} e6 {[%emt 0:00:00]} 2. d4 {[%emt 0:00:00]} d5 {[%emt 0:00:00]} 3. Nc3 {[%emt 0:00:30]} Nf6 {[%emt 0:00:14]} 4. e5 {[%emt 0:00:24]} Nfd7 {[%emt 0:00:06]} 5. f4 {[%emt 0:00:04]} c5 {[%emt 0:00:31]} 6. Nf3 {[%emt 0:00:13]} Nc6 {[%emt 0:00:25]} 7. Be3 {[%emt 0:00:17]} a6 {[%emt 0:00:47]} 8. Qd2 {[%emt 0:00:36]} b5 {[%emt 0:00:25]} 9. a3 {[%emt 0:01:01]} Qb6 {[%emt 0:03:21]} 10. Ne2 {[%emt 0:06:47]} Bb7 {[%emt 0:06:29]} 11. Ng3 {[%emt 0:04:13]} cxd4 {[%emt 0:11:02]} 12. Nxd4 {[%emt 0:00:04]} Nxd4 {[%emt 0:00:22]} 13. Bxd4 {[%emt 0:00:05]} Bc5 {[%emt 0:01:02]} 14. c3 {[%emt 0:00:39]} Qc7 {[%emt 0:04:17]} 15. Bd3 {[%emt 0:02:32]} O-O {[%emt 0:21:18]} 16. O-O {[%emt 0:03:26]} Rac8 {[%emt 0:02:21]} 17. Rae1 {[%emt 0:02:21]} Rfe8 {[%emt 0:04:54]} 18. Kh1 {[%emt 0:06:01]} Bf8 {[%emt 0:01:28]} 19. f5 {[%emt 0:04:03]} exf5 20. Bxf5 {[%emt 0:03:24]} g6 {[%emt 0:17:03]} 21. e6 {[%emt 0:02:55]} fxe6 {[%emt 0:01:31]} 22. Bxe6+ {[%emt 0:00:51]} Rxe6 {[%emt 0:00:06]} 23. Rxe6 {[%emt 0:00:06]} Rd8 {[%emt 0:06:01]} 24. Qg5 {[%emt 0:02:59]} 1-0

[Event "Int SVK-ch Open 2020"]
[Site "Drienica"]
[Date "2020.08.12"]
[Round "4.4"]
[White "Kravec Patrik"]
[Black "Orsag Milan"]
[Result "1/2-1/2"]
[WhiteElo "2119"]
[BlackElo "2300"]
[Annotator "TA"]
[PlyCount "207"]
[EventDate "2020.08.07"]
[EventType "swiss"]
[EventCountry "SVK"]
[SourceTitle "playchess.com"]
[Source "ChessBase"]
[SourceQuality "1"]

{[%evp 11,207,-2,2,-15,-12,-15,0,-18,-8,-36,-35,-32,-32,-36,-26,-70,-67,-85,-67,-81,-72,-73,-57,-81,-79,-89,-79,-113,-104,-104,-105,-107,-99,-119,-95,-203,-136,-158,-90,-106,-45,-41,-43,-48,-45,-79,0,-58,-47,-97,227,-101,-72,-81,-38,-40,-41,-86,-32,-45,-35,-45,-35,-35,-30,-36,-16,-37,-62,-54,-29,-26,-41,-49,-60,-75,-69,-87,0,-85,-72,-75,-50,-94,-61,-66,0,0,0,0,0,0,0,0,0,-248,-252,-242,-172,-357,-363,-763,-620,-29956,-6203,-6203,-239,-239,-233,-330,-239,-237,-194,-215,-193,-236,-188,-219,-220,-219,-183,-179,-171,-181,-137,-406,-404,-423,-59,-129,0,-406,-223,-347,-345,-397,-380,-657,-397,-397,-387,-346,-185,-185,-185,-185,-57,-72,-31,-31,-31,-185,-185,-647,-610,-520,-520,-495,-490,-449,0,-16,0,0,0,0,0,0,0,0,0,0,0,0,0,0,0,0,0,0,0,0,0,0,0,0,0,0,0,0,0,0,0,0,0,0,0,0]} 1. c4 e5 2. Nc3 Nc6 3. g3 g6 4. Bg2 Bg7 5. Nf3 d6 6. O-O f5 7. Ne1 {A25: English Opening vs King's Indian with ...Nc6 but without early d3.} Nf6 8. Nc2 O-O 9. d3 Be6 {[#]} 10. Ne3 $146 ({Predecessor:} 10. Nd5 h6 11. e3 Qd7 12. Rb1 Nd8 13. f4 Nh5 14. Bd2 c6 15. Nc3 d5 16. fxe5 Bxe5 17. cxd5 cxd5 {0-1 (59) Vaitonis,V (2047)-Narmontas,M (2387) Nemencine 2010}) 10... Qd7 11. Ned5 Nh5 12. f4 Nd8 {[%cal Bc6d8,Bd8e6,Be6c5,Bc5b3][%mdl 32]} 13. a4 c6 14. Ne3 a5 15. Rb1 Bf7 16. Nc2 Re8 17. Bd2 Ne6 18. e3 Nc5 19. Ne1 exf4 20. gxf4 Nf6 21. h3 Qc7 22. Qc2 Qb6 23. Nd1 (23. b3 $17 {keeps fighting.}) 23... Nb3 24. Bc3 Re7 (24... d5 $142 25. cxd5 Nxd5 26. Bxd5 Bxd5) 25. Nf3 $17 h6 ({Black should try} 25... d5 $17 26. c5 Nxc5) 26. Nd4 $15 Nc5 27. b3 Na6 28. Bf3 Rae8 (28... Nb4 $17 29. Qd2 Nd7) 29. Qd2 (29. Qb2 $1 $11) 29... Nb4 30. Kh2 Nd7 $2 {[%mdl 8192] [#]} (30... d5 $17) 31. Nc2 $2 ({White must play} 31. Nxf5 $1 $18 {[%mdl 512]} gxf5 32. Rg1 Bxc4 33. dxc4 (33. bxc4 Kh8 $18)) 31... Nxc2 32. Qxc2 Nc5 33. Bxg7 Kxg7 34. h4 Nd7 (34... Qd8 $17 35. Kg2 Kg8) 35. Qg2 Kh7 36. h5 Rg8 37. hxg6+ Rxg6 38. Qh3 Nf6 39. Rb2 Be6 40. Rg1 Reg7 41. Rxg6 Rxg6 42. Qh4 d5 43. Bh5 Nxh5 44. Qxh5 d4 (44... Qd8 $17 45. Nf2 Qf6) 45. Qf3 (45. Rg2 $11 Rxg2+ 46. Kxg2) 45... Qd8 46. Nf2 Qh4+ 47. Nh3 Qg4 $36 {[%mdl 2048] Black fights for an advantage.} 48. Qf2 $1 Qd1 (48... dxe3 $1 $15 49. Qxe3 c5 $1 {[%mdl 512]}) 49. Qe2 $11 Qxe2+ (49... Qc1 {seems wilder.} 50. Rc2 Qxe3 51. Qxe3 dxe3 52. Re2 Kg7) 50. Rxe2 dxe3 51. Rxe3 {[%mdl 4096] Endgame KRB-KRN} Kg7 52. Re5 b6 53. c5 $2 (53. Ng1 $11 {and White stays safe.}) 53... bxc5 $19 54. Rxc5 Bxb3 55. Rxa5 $2 (55. Nf2) 55... Bd5 56. Ra7+ $2 (56. d4) 56... Kf6 57. a5 Rg2+ 58. Kh1 Rd2+ $2 (58... Rg7+ 59. Kh2 Rxa7) 59. Kg1 Rxd3 60. Kh2 (60. Nf2 {only move.} Ra3 61. a6) 60... Rd2+ 61. Kg1 Rg2+ 62. Kf1 Ra2 63. Nf2 Ra4 64. Nh3 Ra3 65. Ng1 Ra2 66. Ke1 Kg6 67. Ne2 Ra3 68. Kd2 $2 {[%mdl 8192]} (68. Rd7 $17 {was called for.}) 68... h5 69. Ra8 Kg7 $2 (69... h4 $19 70. Rh8 h3) 70. Ra7+ (70. Nd4 $15) 70... Kg6 $2 {[%mdl 8192]} (70... Kh8 $17 71. Nc3 Bf3) 71. Ra8 $1 Bf3 (71... h4 $142 72. Rh8 h3) 72. Nd4 {[#]} (72. Ng1 $142) 72... Be4 $1 73. Ne6 h4 {White must now prevent ...h3.} 74. Ng5 $2 (74. Rh8 h3 75. Ke1) 74... Bg2 75. Rh8 h3 76. a6 Rxa6 (76... c5 $142 77. Kc1 Kg7 78. Rh7+ Kg6) 77. Nxh3 Ra2+ 78. Ke1 {[#]} Kg7 (78... Bxh3 $1 $19 79. Rxh3 Rc2) 79. Rh5 $15 Bxh3 (79... c5 {is more complex.} 80. Nf2 Kf6 81. Rh6+ Ke7 82. Nd3 c4) 80. Rxh3 $17 {KR-KR} Rc2 81. Kd1 $2 (81. Re3 $15) 81... Rc4 $19 82. Rh4 $2 (82. Rd3) 82... Kf7 83. Ke2 Ke6 84. Ke3 Re4+ 85. Kf3 {intending Rh6+.} Rc4 $2 ({Black should play} 85... Rd4 $19 {And now ...c5 would win.} 86. Rh6+ Kd7 87. Rh7+ Kd6) 86. Ke3 $1 $11 {The position is equal.} c5 {Strongly threatening ...Rc3+.} 87. Rh6+ $1 Kd5 {...Rc3+ is the strong threat.} 88. Rf6 Re4+ 89. Kf3 c4 (89... Kd4 {is interesting.} 90. Rd6+ Kc4 91. Rf6 Re8 92. Rxf5 Kd4) 90. Rxf5+ Kd4 91. Rf8 {White threatens Rd8+ and mate.} Re3+ (91... Re1 {with more complications.} 92. Rd8+ Kc3 93. f5 Rf1+ 94. Ke4 Re1+) 92. Kg4 c3 93. Rc8 Kd3 94. Kg5 Re4 95. Ra8 c2 96. Ra1 Rb4 97. Rc1 Kd2 {[#]} 98. Rxc2+ $1 {[%mdl 512]} Kxc2 {KR-KP} 99. f5 Kd3 100. f6 Ke4 101. f7 Rb8 {( -> ...Ke5)} 102. Kf6 Rf8 103. Ke7 {[#]} Rxf7+ $1 {[%mdl 512]} 104. Kxf7 {Accuracy: White = 55%, Black = 62%.} 1/2-1/2

[Event "Int SVK-ch Open 2020"]
[Site "Drienica"]
[Date "2020.08.10"]
[Round "4.4"]
[White "Sedlakova, Ivana"]
[Black "Bochnickova, Simona"]
[Result "0-1"]
[WhiteElo "1983"]
[BlackElo "1785"]
[Annotator "ChessBase"]
[PlyCount "76"]
[EventDate "2020.08.07"]
[EventType "swiss"]
[EventCountry "SVK"]
[SourceTitle "playchess.com"]
[Source "ChessBase"]
[SourceQuality "1"]
[TimeControl "40/5400+30:1800+30"]

1. d4 {[%emt 0:00:38]} d5 {[%emt 0:00:00]} 2. c4 {[%emt 0:00:05]} e6 {[%emt 0:00:00]} 3. Nc3 {[%emt 0:00:07]} Nf6 {[%emt 0:00:00]} 4. Bg5 {[%emt 0:00:07]} Be7 {[%emt 0:00:06]} 5. e3 {[%emt 0:00:08]} O-O {[%emt 0:00:08]} 6. Nf3 {[%emt 0:00:04]} Nbd7 {[%emt 0:00:21]} 7. Rc1 {[%emt 0:01:00]} b6 {[%emt 0:00:10]} 8. cxd5 {[%emt 0:01:38]} exd5 {[%emt 0:00:08]} 9. Bd3 {[%emt 0:14:21]} Bb7 {[%emt 0:00:15]} 10. O-O {[%emt 0:02:16]} h6 {[%emt 0:00:07]} 11. Bxf6 {[%emt 0:08:52]} Nxf6 {[%emt 0:00:23]} 12. Qe2 {[%emt 0:06:20]} c5 {[%emt 0:03:34]} 13. dxc5 {[%emt 0:03:12]} bxc5 {[%emt 0:00:22]} 14. Rfd1 {[%emt 0:00:46]} Qb6 {[%emt 0:01:26]} 15. e4 {[%emt 0:21:24]} d4 {[%emt 0:05:36]} 16. Na4 {[%emt 0:01:58]} Qa5 {[%emt 0:01:18]} 17. b3 {[%emt 0:03:03]} Bd6 {[%emt 0:01:31]} 18. Qc2 {[%emt 0:12:34]} Rac8 {[%emt 0:02:26]} 19. g3 {[%emt 0:02:53]} Rfe8 {[%emt 0:01:29]} 20. Re1 {[%emt 0:02:40]} Nd7 {[%emt 0:03:14]} 21. Nb2 {[%emt 0:01:49]} Qc7 {[%emt 0:03:26]} 22. Nc4 {[%emt 0:00:12]} Nb6 {[%emt 0:01:42]} 23. Nxd6 {[%emt 0:04:13]} Qxd6 {[%emt 0:00:22]} 24. e5 {[%emt 0:01:12]} Qc7 {[%emt 0:01:52]} 25. Be4 {[%emt 0:04:13]} Nd5 {[%emt 0:02:53]} 26. Nxd4 {[%emt 0:02:25]} Rxe5 {[%emt 0:02:09]} 27. Nb5 {[%emt 0:00:13]} Qe7 {[%emt 0:04:04]} 28. Bh7+ {[%emt 0:02:37]} Kh8 {[%emt 0:00:55]} 29. Rxe5 {[%emt 0:00:31]} Qxe5 {[%emt 0:00:03]} 30. Qf5 {[%emt 0:01:30]} Qe7 {[%emt 0:08:04]} 31. Qb1 {[%emt 0:00:13]} g6 {[%emt 0:05:35]} 32. Bxg6 {[%emt 0:00:08]} fxg6 {[%emt 0:00:05]} 33. Qxg6 {[%emt 0:00:07]} Rc6 {[%emt 0:06:33]} 34. Qc2 {[%emt 0:01:48]} Re6 {[%emt 0:00:34]} 35. Kf1 {[%emt 0:00:50]} Qf6 {[%emt 0:14:04]} 36. Qxc5 {[%emt 0:01:17]} Qf3 {[%emt 0:01:33]} 37. Qd4+ {[%emt 0:00:31]} Kg8 {[%emt 0:00:07]} 38. Kg1 {[%emt 0:00:18]} Nc7 {[%emt 0:01:13]} 0-1